BoyNextDoor - Membres par photos - Statistiques

Statistiques générales
  • Ce quiz a été pris 32 fois
  • Le résultat moyen est 6 sur 6
Statistiques - réponses
Par images Réponse % Correct
Jaehyun
100%
Leehan
100%
Riwoo
100%
Sungho
96%
Taesan
96%
Woonhak
91%
Aucun quiz correspondant
Distribution des résultats
% des personnes avec chaque résultat
Percentile par nombre de réponses
Votre historique - résultats
Vous n’avez pas pris ce quiz